[Event "67th Warsaw-ch A 2018"]
[Site "Warsaw"]
[Date "2018.11.15"]
[Round "4"]
[White "Malec, Sebastian"]
[Black "Liberadzki, Slawomir"]
[Result "1-0"]
[WhiteElo "2132"]
[BlackElo "1959"]
[Annotator "ChessBase"]
[PlyCount "51"]
[EventDate "2018.11.12"]
[EventCountry "POL"]
[SourceTitle "playchess.com"]
[Source "ChessBase"]
[SourceQuality "1"]

1. e4 c5 2. Nf3 e6 3. d4 cxd4 4. Nxd4 Nc6 5. Nc3 Qc7 6. g3 a6 7. Bg2 d6 8. O-O Bd7 9. Re1 Be7 10. a4 Nxd4 11. Qxd4 Bf6 12. Qd3 Ne7 13. Rd1 O-O-O 14. Bf4 Be5 15. Be3 Kb8 16. Ra3 Bc6 17. Nb5 axb5 18. axb5 Bxb2 19. Rb3 Bxe4 20. Bxe4 d5 21. b6 Qc8 22. Rxb2 e5 23. Ra2 Qg4 24. Rda1 Kc8 25. Qb5 Nc6 26. Bxd5 1-0

[Event "67th Warsaw-ch A 2018"]
[Site "Warsaw"]
[Date "2018.11.16"]
[Round "5"]
[White "Heberla, Bartlomiej"]
[Black "Jakubowski, Krzysztof"]
[Result "0-1"]
[WhiteElo "2546"]
[BlackElo "2510"]
[Annotator "TA"]
[PlyCount "58"]
[EventDate "2018.11.12"]
[EventCountry "POL"]
[SourceTitle "playchess.com"]
[Source "ChessBase"]
[SourceQuality "1"]

{[%evp 18,58,21,32,32,32,36,34,35,30,25,30,42,41,35,20,16,13,41,4,21,-18,-18,-32,-29,-26,-26,-33,-22,-387,-39,-226,-216,-283,-275,-447,-454,-835,-832,-29988,-29989,-29994,-29995]} 1. d4 Nf6 2. c4 e6 3. Nf3 Bb4+ 4. Nbd2 b6 5. a3 Bxd2+ 6. Bxd2 Bb7 7. Bg5 d6 8. e3 Nbd7 9. Bh4 h6 10. Nd2 Qe7 {E11: Bogo-Indian} 11. f3 c5 (11... e5 12. d5 g5 13. Bf2 e4 14. Qc2 c5 15. Nxe4 Nxe4 16. Qxe4 Qxe4 17. fxe4 Ke7 18. Bg3 {½-½ (29) Doettling,F (2588)-Miton,K (2604) Montpellier 2015}) 12. Bd3 cxd4 $146 {White is slightly better.} ({Predecessor:} 12... O-O 13. O-O d5 14. Qe2 Rfe8 15. e4 e5 16. cxd5 cxd4 17. Rfc1 Rec8 18. Qd1 {½-½ (29) Lasinskas,P (2183)-Vehi Bach,V (2388) Manresa 2007}) 13. exd4 d5 14. O-O O-O 15. cxd5 g5 16. d6 Qxd6 17. Bf2 Nd5 18. Rc1 Rac8 19. Qa4 Nf4 $36 {[%mdl 2048] White is under pressure.} 20. Rxc8 Rxc8 21. Ne4 Bxe4 22. Bxe4 Nf6 {[%cal Bd7f6,Bf6d5,Bd5e3][%mdl 32]} 23. Bb1 $2 {[%mdl 8192] [#]} (23. Be3 $11) 23... Qd5 $2 ({Better is} 23... Ng4 $1 $19 {[%mdl 512] ( -> ...Ne2+)} 24. g3 (24. fxg4 {leads to mate.} Qd5 25. Bh7+ {[%mdl 64] Decoy} Kxh7 26. Qc2+ Rxc2 27. h4 Qxg2#) 24... Nh3+ {[%mdl 64] Double Attack} 25. Kg2 Ngxf2 26. Rxf2 Nxf2 27. Kxf2 Kg7) 24. Qd1 $2 {[#]} ({Much worse is} 24. Qxa7 Ng4 $1 $17 {[%mdl 512]}) (24. Be3 $15) 24... Qb5 $1 $19 25. Kh1 Qxb2 26. d5 $2 (26. g3 Nh3 27. Be3) 26... N6xd5 {aiming for ...Ne3!} 27. g3 {[#]} (27. Qe1 $142 Rc3 28. Be4) 27... Ne3 $1 {[%mdl 512]} 28. Qd7 (28. Bxe3 Qg2#) 28... Rc1 29. Qc8+ Rxc8 {Accuracy: White = 17%, Black = 68%.} 0-1

[Event "67th Warsaw-ch A 2018"]
[Site "Warsaw"]
[Date "2018.11.16"]
[Round "5"]
[White "Jarmula, Lukasz"]
[Black "Mickiewicz, Piotr"]
[Result "1/2-1/2"]
[WhiteElo "2492"]
[BlackElo "2243"]
[Annotator "TA"]
[PlyCount "151"]
[EventDate "2018.11.12"]
[EventCountry "POL"]
[SourceTitle "playchess.com"]
[Source "ChessBase"]
[SourceQuality "1"]

{[%evp 33,151,30,31,34,28,32,39,38,45,38,42,47,46,43,48,38,55,51,51,50,66,58,89,89,93,89,89,49,76,59,89,39,55,44,62,46,216,208,466,443,465,300,306,266,219,203,315,326,429,84,91,102,109,100,221,242,224,214,219,219,197,201,216,206,206,191,177,184,219,207,181,196,541,541,418,380,975,280,308,282,304,176,158,0,303,299,294,280,285,284,303,296,244,253,299,297,331,312,488,421,624,631,478,0,0,0,0,0,0,0,0,0,0,0,0,0,0,0,0,0]} 1. d4 Nf6 2. c4 c5 3. Nf3 g6 4. Nc3 cxd4 5. Nxd4 Nc6 6. e4 d6 7. f3 Bg7 8. Be3 O-O 9. Be2 Nxd4 10. Bxd4 a5 11. O-O Bd7 12. b3 Bc6 13. Rc1 Nd7 14. Be3 Nc5 15. Qd2 Qb6 16. Rb1 {B38: Sicilian: Maroczy Bind with 5...Bg7 and 7...0-0} Rfc8 17. Rfc1 Qb4 {LiveBook: 4 Games} 18. Qb2 {White is slightly better.} Qb6 19. Kh1 Qd8 20. Qd2 h5 21. Rc2 Kh7 22. Bf1 {[%cal Be2f1,Bf1g2,Bg2f3][%mdl 32] [#]} Qf8 $146 23. Nd5 Bxd5 24. exd5 Bh6 25. f4 f5 26. g3 Bg7 27. Bg2 Qf6 28. Re1 b6 29. h3 Ra7 30. Bf3 Rac7 31. Rec1 Kg8 32. Kg2 a4 33. Rb1 axb3 34. axb3 b5 $2 (34... h4 $14) 35. cxb5 $18 Kh7 $2 (35... Rb8 36. Qe2 Rd7 37. Bxc5 dxc5 38. Rxc5 Rbb7) 36. Qd1 Ne4 37. Rxc7 Rxc7 38. Bxe4 fxe4 {[%cal Bf5e4,Be4e3][%mdl 32]} 39. b6 Rc3 (39... Rc8 {might work better.} 40. Rc1 Rc3 41. Rxc3 Qxc3) 40. Qe2 $1 Qf8 {[#]} 41. Bf2 $2 (41. f5 $1 $18 {[%mdl 512]}) 41... e3 42. Be1 Qf5 43. Bxc3 Qe4+ (43... Qxb1 $16 44. Bxg7 (44. Qxe3 Qxb3 {[%mdl 64] Double Attack} 45. Bd2 Qxd5+ 46. Kh2 e6 $14) 44... Qe4+ 45. Kh2 Kxg7) 44. Kh2 Qxb1 45. Bxg7 Kxg7 46. Qxe3 {[%mdl 4096] Endgame aiming for g4. KQ-KQ} Qc2+ 47. Kg1 Qd1+ 48. Kf2 Qc2+ 49. Ke1 Qb1+ 50. Ke2 Qc2+ 51. Kf3 Qd1+ 52. Ke4 Qc2+ $2 (52... Kf7 {is more resistant.} 53. g4 hxg4) 53. Qd3 Qg2+ 54. Kd4 Kf7 $2 (54... Qa2 55. Qe3 Kf8) 55. b7 $2 (55. Kc4 Qf2 56. Kb5 Qc5+ 57. Ka6 Qa3+ 58. Kb7) 55... Qg1+ 56. Qe3 Qa1+ 57. Ke4 (57. Kc4 $142 Qa6+ 58. Kc3 Qxb7 59. Qe6+ Kg7 60. b4) 57... Qh1+ 58. Kd4 (58. Qf3 $16 Qe1+ 59. Kd3) 58... Qa1+ 59. Kc4 ({Don't play} 59. Ke4 $6 Qh1+ 60. Kd4 (60. Qf3 Qe1+ 61. Kd3 Qb4 $16) 60... Qa1+ $18) 59... Qa6+ 60. Kc3 Qxb7 61. Qe6+ Kg7 62. b4 Qa7 {[#]} 63. Kb3 $1 Kf8 64. Qxg6 Qe3+ {[#]} 65. Kc4 $1 {Qf5+ is the strong threat.} Qc1+ (65... Qa7 {keeps fighting.} 66. Qh6+ (66. Qxh5 Qa6+ 67. b5 Qa4+ 68. Kc3 Qa3+ 69. Kd2 Qb4+ 70. Ke2 Qe4+ 71. Kf2 Qd4+ 72. Kf1 Qd3+ 73. Qe2 Qxg3 $16) 66... Kg8 67. Qe6+ Kg7) 66. Kb5 Qf1+ (66... Qd1 $142 67. Qe4 Ke8) 67. Kb6 Qc4 68. Qxh5 $2 (68. Qf5+ $18 Ke8 69. Qxh5+ Kd8 70. Qh8+ Kd7 71. Qb2) 68... Qxb4+ $11 {The position is equal.} 69. Kc7 Qa5+ 70. Kc6 $1 {Threatens to win with Qf5+.} Qa4+ 71. Kb6 Qb4+ 72. Kc7 {Hoping for Qf5+.} Qa5+ 73. Kb8 {Strongly threatening Qf5+.} Qb5+ 74. Kc8 {And now Qf5+ would win.} Qa6+ 75. Kd8 Qa5+ 76. Kc8 {Accuracy: White = 65%, Black = 52%.} 1/2-1/2

[Event "67th Warsaw-ch A 2018"]
[Site "Warsaw"]
[Date "2018.11.16"]
[Round "5"]
[White "Nguyen, Piotr"]
[Black "Kowalski, Igor"]
[Result "1-0"]
[WhiteElo "2393"]
[BlackElo "2293"]
[Annotator "TA"]
[PlyCount "117"]
[EventDate "2018.11.12"]
[EventCountry "POL"]
[SourceTitle "playchess.com"]
[Source "ChessBase"]
[SourceQuality "1"]

{[%evp 22,117,0,-7,43,27,31,31,103,91,112,107,116,115,141,137,122,142,197,199,194,206,219,235,243,244,231,208,222,133,139,59,64,60,60,82,64,45,195,165,249,256,238,233,241,246,228,196,444,432,504,517,626,339,343,289,404,254,256,256,313,319,368,372,423,419,379,385,395,368,372,392,383,347,371,337,472,465,595,520,750,768,983,934,825,674,912,896,1100,1017,1249,1249,1164,1122,1771,1704,29982,29981]} 1. c4 Nf6 2. g3 e6 3. Bg2 d5 4. Nf3 Be7 5. O-O O-O 6. b3 d4 7. e3 c5 8. exd4 cxd4 9. Re1 Nc6 10. d3 Nd7 11. Na3 {A14: English Opening: 1...e6 with b3 by White} (11. Ba3 Re8 12. Bxe7 Rxe7 13. a3 a5 14. Nbd2 Nc5 15. Ne4 Nxe4 16. Rxe4 e5 17. Re1 Bg4 18. h3 Bh5 {½-½ (36) Aronian,L (2799)-Nakamura,H (2792) Saint Louis 2017}) 11... e5 12. Nc2 {LiveBook: 29 Games} Re8 13. a3 {[%cal Ba2a3,Ba3b4,Bb4b5][%mdl 32] White is slightly better.} a5 14. Rb1 f5 (14... Bd6 $14) 15. b4 $1 $16 {[%cal Rb4b5] Threatens to win with b5.} axb4 16. axb4 {Strongly threatening b5.} Bf6 17. b5 $146 ({Predecessor:} 17. Nd2 Nb6 18. b5 Ne7 {1-0 (35) Demina,J (2345)-Zaitseva,L (2360) Elista 1995}) 17... Ncb8 18. Ba3 Nb6 19. Bb4 N8d7 {[#]} (19... Na4 $16 {was worth a try.}) 20. Qe2 $1 $18 e4 21. dxe4 (21. Nfxd4 Bxd4 22. Nxd4 Ne5 $15) 21... Rxe4 22. Qd3 Na4 23. Nfxd4 ({Weaker is} 23. Rxe4 fxe4 24. Qxe4 Ndc5 $14) (23. Ncxd4 $6 Ndc5 $16) 23... Ndc5 24. Qd1 Rxe1+ 25. Bxe1 (25. Qxe1 $18 {aiming for Rd1.} Nd3 26. Qe3) 25... Ne4 $16 {[#]} 26. Bxe4 ({White should play} 26. Qd3 $1 $16) 26... fxe4 $14 27. Qh5 g6 28. Qe2 Nc5 29. Rd1 {Hoping for Ne6!} Qf8 ({Black should try} 29... h5 $1 $14) 30. Bb4 $18 Be7 (30... Ra2 {is a better defense.} 31. Bxc5 Qxc5) 31. Ne3 Bh3 32. Nd5 Bd6 33. Bxc5 Bxc5 34. Nb3 Bb4 $2 (34... Ra2 35. Rd2 (35. Qxa2 Qf3 $11) 35... Rxd2 36. Nxd2 (36. Qxd2 $2 {loses.} Qf3 $19) 36... Qg7) 35. Qxe4 Bf5 36. Qe5 Ba3 37. Nd4 Bd6 38. Qf6 Bd7 39. Qxf8+ Rxf8 40. Kg2 Bc5 41. f3 Kf7 42. Nb3 Ba7 43. Ra1 Bb8 44. Nc5 Bc8 45. Re1 Re8 46. Rxe8 Kxe8 {[%mdl 4096] Endgame KBB-KNN} 47. Nf6+ Ke7 48. Nxh7 Kd6 (48... Bd6 {was necessary.}) 49. Ne4+ Ke5 50. c5 Bd7 51. b6 Kd4 52. h4 Bc6 53. Nhg5 Be5 54. g4 {[%cal Bg3g4,Bg4h5][%mdl 32]} Ke3 55. h5 gxh5 56. gxh5 Bg7 57. Kg3 Bf8 58. Nd6 Kd4 59. Ne6+ {[%mdl 64] Double Attack. Accuracy: White = 84%, Black = 31%.} 1-0

[Event "67th Warsaw-ch A 2018"]
[Site "Warsaw"]
[Date "2018.11.16"]
[Round "5"]
[White "Deszczynski, Adam"]
[Black "Rozycki, Bartlomiej"]
[Result "1-0"]
[WhiteElo "2315"]
[BlackElo "2138"]
[Annotator "TA"]
[PlyCount "87"]
[EventDate "2018.11.12"]
[EventCountry "POL"]
[SourceTitle "playchess.com"]
[Source "ChessBase"]
[SourceQuality "1"]

{[%evp 23,87,30,68,65,97,88,125,101,100,107,121,85,116,108,97,87,348,266,391,404,408,403,583,579,590,604,549,499,579,599,602,588,607,591,585,570,610,390,587,573,629,439,826,570,818,818,700,391,391,391,391,370,436,418,404,349,493,493,493,490,591,589,782,745,1219,839]} 1. e4 c6 2. d4 d5 3. exd5 cxd5 4. c4 Nf6 5. Nc3 e6 6. Nf3 Bb4 7. cxd5 Nxd5 8. Qc2 Nc6 9. Bd3 Be7 10. a3 Nxc3 11. bxc3 h6 12. O-O O-O 13. Qe2 {B14: Caro-Kann: Panov-Botvinnik Attack with 5...e6 and 5...g6} Qd5 $146 ({Predecessor:} 13... Qc7 14. Rb1 a6 15. c4 Bf6 16. Qe4 Rd8 17. Qh7+ Kf8 18. a4 Qd6 19. Rb6 Ke7 20. Bc2 a5 {1-0 (29) Gaponenko,I (2409)-Lagvilava,G (2326) Moscow 2001}) 14. c4 Qh5 15. Bb2 {White is better.} Rd8 16. Rad1 Bf6 17. Rfe1 Ne7 18. d5 Bxb2 19. Qxb2 Kf8 $2 {[%mdl 8192]} (19... Ng6 $16) 20. h3 Ng6 (20... Kg8 {was worth a try.} 21. Kh2 f6 22. dxe6 Qa5) 21. Bxg6 $18 Qxg6 22. Ne5 Qg5 (22... Qf6 $142 23. d6 Kg8) 23. Rd3 a5 {[#]} 24. Nxf7 $1 {[%mdl 512]} Kxf7 {[#]} 25. Rg3 $1 Qf6 26. Rf3 Qxf3 27. gxf3 exd5 28. cxd5 Ra6 29. Qe5 Rad6 30. Rd1 Rg6+ (30... Kg8 $142 31. Kh2 b5) 31. Kh2 Rgd6 32. h4 g6 (32... Kg8 $142 33. Rg1 R6d7) 33. Rc1 {aiming for Rc7+.} Rxd5 34. Rc7+ R5d7 35. Qc3 Rxc7 36. Qxc7+ {[%mdl 4160] Endgame Double Attack. KQ-KRB} Ke8 37. Qg7 Rd6 38. Qxh6 Rc6 39. Qg7 b6 (39... Bd7 {was necessary.} 40. Qe5+ Kd8 41. Qxa5+ b6) 40. Kg3 {White is clearly winning.} Bf5 41. Kf4 Bc2 42. Qb7 Rc4+ 43. Ke5 a4 44. Ke6 {Accuracy: White = 76%, Black = 28%.} 1-0

[Event "67th Warsaw-ch A 2018"]
[Site "Warsaw"]
[Date "2018.11.16"]
[Round "5"]
[White "Pietruszewski, Marcin"]
[Black "Grochulski, Grzegorz"]
[Result "1-0"]
[WhiteElo "2242"]
[BlackElo "1996"]
[Annotator "TA"]
[PlyCount "74"]
[EventDate "2018.11.12"]
[EventCountry "POL"]
[SourceTitle "playchess.com"]
[Source "ChessBase"]
[SourceQuality "1"]

{[%evp 20,74,16,2,22,29,87,45,56,54,110,109,92,79,84,90,121,135,297,288,492,481,581,588,589,582,585,572,577,533,643,645,678,677,648,599,614,607,619,610,645,633,650,666,656,656,645,650,779,770,772,770,1293,762,833,829,753]} 1. e4 {[%cal Be2e4,Be4e5][%mdl 32]} e5 2. Nf3 Nc6 3. d4 exd4 4. Nxd4 Nf6 5. Nxc6 bxc6 6. e5 Qe7 7. Qe2 Nd5 8. h4 d6 {C45: Scotch Game} (8... Qe6 9. g3 Nb4 10. c4 Ba6 11. Bf4 d5 12. a3 Bxc4 13. Qd1 Bxf1 14. Kxf1 Na6 15. Nc3 Nc5 16. b4 {1-0 (32) Tomczak,J (2614)-Kramnik,V (2779) Batumi 2018}) 9. c4 Nb6 10. exd6 cxd6 11. Nc3 {LiveBook: 5 Games} Ba6 $146 ({Predecessor:} 11... Bg4 12. f3 Qxe2+ 13. Bxe2 Be6 14. b3 Be7 15. Bb2 O-O 16. h5 {0-1 (40) Blahynka,M (2426)-Votava,J (2527) Czech Republic 2018}) 12. b3 g6 (12... d5 $11) 13. Rh3 {Strongly threatening Re3.} Qxe2+ 14. Bxe2 Bc8 (14... Bg7 $14) 15. Re3+ $16 Be6 16. Bf3 $36 {[%mdl 2048] White is really pushing.} Kd7 17. Bb2 {c5! is the strong threat.} Bh6 18. Re2 Bf5 $2 {[#]} (18... Bg7 $16 19. O-O-O Bxc3 20. Bxc3 Rhe8) 19. c5 $1 $18 {[%mdl 512]} dxc5 $2 (19... Rhe8 20. cxb6 axb6) 20. Rd1+ {White is clearly winning.} Kc7 {[#]} 21. Nb5+ $1 {[%mdl 576] Discovered Attack} cxb5 22. Be5+ Kc8 23. Bxh8 {Intending Re8+ and mate.} Be6 24. Rd6 Rb8 25. Be5 Nd7 26. Rc6+ Kd8 27. Bxb8 Nxb8 28. Rxc5 a6 29. Bb7 Bf8 30. Rc1 Bb4+ 31. Kf1 Bd6 32. Bxa6 {[%mdl 64] Deflection, Decoy} Nxa6 33. Rc6 {[%mdl 64] Double Attack} Ke7 34. Rxa6 b4 35. Re4 f5 36. Rxd6 Kxd6 37. Rxb4 Kd5 {Accuracy: White = 68%, Black = 21%.} 1-0

[Event "67th Warsaw-ch A 2018"]
[Site "Warsaw"]
[Date "2018.11.16"]
[Round "5"]
[White "Goslawski, Michal"]
[Black "Kokoszczynski, Jan"]
[Result "0-1"]
[WhiteElo "2099"]
[BlackElo "2245"]
[Annotator "TA"]
[PlyCount "94"]
[EventDate "2018.11.12"]
[EventCountry "POL"]
[SourceTitle "playchess.com"]
[Source "ChessBase"]
[SourceQuality "1"]

{[%evp 15,94,2,19,0,10,-20,-22,-39,-47,-58,-31,-64,-66,-63,-77,-63,-64,-77,-50,-47,-35,-40,-41,-54,-53,-41,-35,-32,0,-128,-125,-163,-152,-164,-158,-230,-225,-215,-175,-167,-171,-167,-156,-152,-155,-174,-173,-212,-204,-219,-215,-245,-231,-279,-256,-345,-342,-348,-350,-423,-419,-393,-342,-402,-404,-438,-426,-450,-460,-543,-520,-774,-772,-1512,-1447,-1562,-1494,-29979,-29980,-29984,-29985]} 1. Nf3 Nf6 2. c4 b6 3. g3 Bb7 4. Bg2 e6 5. O-O Be7 6. Nc3 O-O 7. d4 {[%cal Bd2d4,Bd4d5][%mdl 32]} Ne4 8. Nxe4 Bxe4 {LiveBook: 1335 Games} 9. Qb3 {E18: Queen's Indian: Old Main Line (4 g3 Bb7 5 Bg2 Be7 6 0-0 0-0 7 Nc3)} (9. Nh4 Bxg2 10. Nxg2 d5 11. Qa4 Qd7 12. Qxd7 Nxd7 13. cxd5 exd5 14. Bf4 Rac8 15. Rac1 c6 16. Ne1 Rfe8 17. Nf3 Bf6 18. Rc2 h6 19. h4 c5 20. dxc5 bxc5 {½-½ (20) Rapport,R (2700)-Korobov,A (2652) Villorba 2018}) 9... f5 {[%cal Bf7f5,Bf5f4][%mdl 32]} 10. d5 $146 ({Predecessor:} 10. Bf4 Nc6 11. Rfd1 Bf6 12. d5 Na5 13. Qb4 Bxf3 14. Bxf3 e5 15. Bd2 {0-1 (32) Svanholm,B (1809)-Chatalbashev,B (2542) Fornebu 2016}) 10... Na6 {[%cal Bb8a6,Ba6c5,Bc5b3][%mdl 32]} 11. Rd1 {The position is equal.} Nc5 12. Qe3 Bf6 13. Nd4 e5 14. Nb3 f4 15. Qd2 Bxg2 16. Kxg2 Nxb3 17. axb3 Qe8 18. Qc2 Be7 19. Qe4 {[%cal Rg3f4]} Bc5 20. gxf4 Qh5 21. b4 Qg4+ ({Much worse is} 21... Bxb4 $6 22. fxe5 Rae8 23. f4 $14) 22. Kf1 (22. Kh1 $11 {was the only way to keep the balance.} Bxb4 23. Rg1) 22... Bxb4 $17 23. Rd3 exf4 24. b3 a5 {[#]} 25. Bb2 (25. Rg3 $1 $17 {[%mdl 512]} Qf5 (25... fxg3 26. Qxg4) 26. Qxf5 Rxf5 27. Rf3) 25... Rae8 $19 26. Qf3 Qxf3 27. Rxf3 Re4 28. Rc1 Rfe8 29. Rc2 h6 30. Bc1 Bd6 31. h3 g5 {[%cal Bg7g5,Bg5f4][%mdl 32]} 32. e3 Kg7 33. exf4 gxf4 ({But not} 33... Bxf4 34. Bxf4 gxf4 35. Kg2) 34. Kg2 Kf6 35. Rd3 Kf5 36. Kf3 Re1 37. Rd4 {[%cal Rc1f4]} Be5 38. Rd3 Rg8 39. c5 Rh1 40. Ke2 Re8 41. Kd2 b5 42. c6 d6 43. Ra2 Rf1 44. Rxa5 Rxf2+ 45. Kd1 Rg8 {[%cal Rg8g1] [#]} 46. Bd2 Ke4 47. Kc2 Rg3 {Accuracy: White = 34%, Black = 76%.} 0-1

[Event "67th Warsaw-ch A 2018"]
[Site "Warsaw"]
[Date "2018.11.16"]
[Round "5"]
[White "Choroszej, Aleksander"]
[Black "Praczukowski, Stanislaw"]
[Result "1-0"]
[WhiteElo "2055"]
[BlackElo "2140"]
[Annotator "TA"]
[PlyCount "93"]
[EventDate "2018.11.12"]
[EventCountry "POL"]
[SourceTitle "playchess.com"]
[Source "ChessBase"]
[SourceQuality "1"]

{[%evp 19,93,30,39,8,16,14,7,7,31,-8,16,7,14,0,21,2,0,25,8,8,19,0,0,6,1,0,10,0,15,0,18,0,30,31,32,-27,-29,-39,0,-33,-23,-43,0,0,0,0,0,0,23,0,40,40,40,40,32,38,59,52,541,541,521,518,1451,968,682,444,529,529,5306,526,6064,4134,2377,2007,5916,5916]} 1. d4 Nf6 2. c4 g6 3. Nc3 d5 4. cxd5 Nxd5 5. e4 Nxc3 6. bxc3 Bg7 7. Nf3 c5 8. Rb1 O-O 9. Be2 b6 10. O-O Qc7 11. Qd3 {D85: Exchange Grünfeld: Unusual White 7th moves and lines with 7 Nf3} (11. Qb3 {with more complications.} Nc6 12. d5 Ne5 13. c4 Bg4 14. Re1) (11. Be3 Bb7 12. Bd3 Nd7 13. e5 Bd5 14. Ng5 Bxa2 15. Ra1 Bd5 16. Qg4 c4 17. Bc2 Qc6 18. Qh4 h6 19. Nh3 Bxg2 {1-0 (58) Perez Ponsa,F (2577)-Howell,D (2685) Gibraltar 2016}) 11... Ba6 12. Qe3 Bxe2 13. Qxe2 {The position is equal.} Nd7 14. Rd1 e6 $146 ({Predecessor:} 14... Rac8 15. Bg5 Rfe8 16. Ne1 e6 17. f3 cxd4 18. cxd4 Qc4 {½-½ (28) Nabavi,P (2137)-Boettger,L (2072) Leipzig 2006}) 15. Bg5 Rac8 16. Rbc1 Rfe8 17. Qd3 e5 18. d5 c4 19. Qe2 Qd6 20. Nd2 b5 21. Rb1 a6 22. a4 Rb8 23. axb5 axb5 24. Be3 Rec8 25. Ra1 Bf6 26. Ra7 Nc5 27. Bxc5 (27. Qf3 $14) 27... Qxc5 $11 28. Ra6 Bg7 29. Nf1 b4 30. cxb4 Qxb4 31. d6 {[%cal Bd5d6,Bd6d7][%mdl 32]} c3 32. d7 $36 {[%mdl 2048] White has some pressure.} Rd8 33. Rc6 Bh6 34. Qc2 Qb7 35. Qxc3 {aiming for Rc7.} Rxd7 36. Rxd7 Qxd7 37. Qxe5 Rb1 {[#] ( -> ...Rxf1+!)} 38. Rd6 Qa4 $2 {[%mdl 8192]} (38... Qc8 $14 39. Qd5 Qc1) 39. Rd8+ $18 {White is clearly winning.} Bf8 {White must now prevent ...Qc4.} 40. Qd6 {[%csl Gd8][%cal Rd6f8]} Rxf1+ (40... Qb4 $142) 41. Kxf1 {[%csl Gd8][%cal Rd6f8][%mdl 4096] Endgame KQR-KQB} Qb5+ 42. Qd3 Qh5 43. h3 Qe5 44. g3 (44. Qa3 $142 {[%csl Gd8][%cal Ra3f8]} Qg7 {[#]} 45. e5 $1 {[%mdl 512]}) 44... h5 45. Qd5 Qe7 46. e5 Kg7 47. Qd6 {Accuracy: White = 40%, Black = 32%.} 1-0

[Event "67th Warsaw-ch A 2018"]
[Site "Warsaw"]
[Date "2018.11.16"]
[Round "5"]
[White "Golecki, Jan"]
[Black "Sanz Wawer, Daniel"]
[Result "1-0"]
[WhiteElo "2029"]
[BlackElo "2192"]
[Annotator "TA"]
[PlyCount "137"]
[EventDate "2018.11.12"]
[EventCountry "POL"]
[SourceTitle "playchess.com"]
[Source "ChessBase"]
[SourceQuality "1"]

{[%evp 17,137,12,18,10,6,4,8,12,31,-26,29,29,11,30,35,19,19,0,0,-51,-27,-24,8,13,8,8,25,0,0,0,0,-11,-14,-22,-16,-27,-16,-16,-16,-16,0,0,0,-39,-41,-38,0,0,0,0,0,0,12,12,18,0,0,0,112,110,108,95,183,177,137,23,145,169,239,197,449,437,386,479,2309,2237,1648,1597,29966,7165,6173,29970,29971,29972,29971,29973,29972,29974,5085,36,36,36,36,36,36,36,36,36,36,36,36,36,36,36,36,36,36,36,36,36,36,36,29975,36,36,0,29971,29973,29978,29979,29987,29988]} 1. e4 c6 2. d4 d5 3. Nc3 dxe4 4. Nxe4 Bf5 5. Ng3 Bg6 6. h4 h6 7. Nf3 Nf6 8. Ne5 Bh7 9. c3 {B19: Classical Caro-Kann: 4...Bf5 main line} (9. Bd3 Bxd3 10. Qxd3 Nbd7 11. f4 e6 12. Bd2 Be7 13. O-O-O Qc7 14. Ne4 Nxe4 15. Qxe4 Nf6 16. Qf3 g6 17. Kb1 h5 18. c4 Rc8 19. Bc3 b5 20. d5 cxd5 21. cxd5 Nxd5 22. Rxd5 exd5 23. Qxd5 {1-0 (29) Saric,I (2652)-Navara,D (2725) Tallinn 2016}) 9... e6 $1 {LiveBook: 10 Games} 10. Bd3 Bxd3 11. Qxd3 {The position is equal.} Bd6 {Threatens to win with ...Bxe5.} 12. Bf4 $146 ({Predecessor:} 12. Nc4 Bxg3 13. Qxg3 Nh5 14. Qe5 Qd5 15. Nd6+ Ke7 16. Qxd5 cxd5 17. Nxb7 {1-0 (58) Liu,Y (1741)-Lebenya,M Kemer 2009}) 12... Nd5 13. Bd2 (13. Qf3 $14) 13... Nd7 ({Better is} 13... Nb4 14. cxb4 Bxe5) 14. f4 $11 N5f6 15. O-O-O O-O 16. Qf3 (16. Rhe1 {is interesting.} a5 17. Qf3 Qc7 18. c4 a4 19. Kb1) 16... Qc7 17. Nxd7 Qxd7 18. Ne2 (18. Ne4 $11) 18... h5 19. Ng3 $1 Qc7 (19... g6 {seems wilder.} 20. Ne4 Nxe4 21. Qxe4 a5 22. Qf3 f5) 20. Nxh5 Nxh5 21. Qxh5 Bxf4 22. Qg4 Bxd2+ $1 23. Rxd2 Rad8 {[%cal Ba8d8,Bd8d5,Bd5f5,Bf5f1,Bf1g1][%mdl 32]} 24. h5 Rd5 25. Rh3 Qe7 26. Qe4 Rf5 27. g4 Rf1+ 28. Kc2 Qf6 29. Qe5 Rg1 30. h6 Qxe5 31. dxe5 Rxg4 32. hxg7 Kxg7 $15 {[%mdl 4096] Endgame KRR-KRR} 33. Rd7 Rg5 34. Re3 Rg2+ 35. Kb3 b5 $1 36. Rxa7 Rd8 37. Rf3 Rdd2 (37... Rf8 $11) 38. Kb4 $1 $16 Rxb2+ 39. Kc5 Rxa2 (39... Kg8 $16) 40. Raxf7+ $18 ({Resist} 40. Rfxf7+ $6 Kg8 $14) 40... Kg8 41. Kxc6 (41. R7f6 $1 $16) 41... Rac2 (41... Rg5 $11 {keeps the balance.}) 42. Rb7 $16 ({But not} 42. Kxb5 $6 Rxc3 43. Rxc3 Kxf7 $11) 42... Rg4 (42... Rcf2 $142 43. Rd3 Rf4 44. Rxb5 Ra2 45. Rg3+ Kf8 46. Rb8+ Kf7 47. Rb7+ Kf8) 43. Rxb5 Kg7 $2 (43... Ra2 {is a better defense.} 44. Rb8+ Kg7) 44. Kd6 $18 Rg6 45. Ke7 Ra2 (45... Kh6 $142 46. Rb1 Ra2) 46. Rf7+ Kh6 47. Rf6 Ra6 48. c4 Kg5 49. Rxg6+ Kxg6 {KR-KR} 50. c5 Kf5 51. Kd7 $1 Kxe5 52. c6+ Kd4 53. c7 $2 ({White has to play} 53. Kd6 $1 $18 Ra8 54. Kxe6) 53... Ra7 $14 54. Kd8 (54. Rb4+ {feels hotter.} Kd3 55. Kc6 Rxc7+ 56. Kxc7 e5 57. Rb3+) 54... Rxc7 $1 55. Kxc7 {Kd6 would kill now. KR-KP} e5 {[%cal Be6e5,Be5e4,Be4e3,Be3e2,Be2e1][%mdl 32]} 56. Kd6 e4 57. Rb4+ Kd3 $1 58. Ke5 e3 59. Rb3+ Kd2 $1 60. Kd4 {Intending Rb2+ and mate.} e2 61. Rb2+ Kd1 $1 62. Kd3 {[%cal Rb2b1]} e1=N+ {KR-KN} 63. Kc3 Nf3 64. Rf2 Ne5 $2 {[%mdl 8192] [#]} (64... Ne1 $14) 65. Kd4 $2 (65. Rf4 $1 {mates} Ng6 66. Rg4 Nf8 67. Kd3 Kc1 68. Rg2 Ne6 69. Kc3 Kd1 70. Rf2) 65... Nc6+ $1 66. Kc3 $2 {[%mdl 8192]} (66. Kd3 $14 Nb4+ 67. Kc3 Nd5+ 68. Kd4) 66... Ne5 $1 {[#]} 67. Rf4 $1 {White mates.} Nc6 68. Re4 Nb8 69. Re6 {Accuracy: White = 54%, Black = 35%.} 1-0